| 000 | 00000nam##2200000za#4500 |
| 001 | 9.528089 |
| 003 | CaOODSP |
| 005 | 20200327071113 |
| 007 | ta |
| 008 | 150406|1997||||xxc||||| f|0| 0 fre|d |
| 020 | |a0-660-60127-3 |
| 040 | |aCaOODSP|bfre |
| 041 | |aeng |
| 041 | |afre |
| 043 | |an-cn--- |
| 086 | 1 |aBT31-2/1998-III-90 |
| 110 | 1 |aCanada. |bConseil du trésor. |
| 245 | 10|aCentre canadien de gestion |
| 246 | 1 |iTitre alternatif : |aLe numéro de catalogue (BT31-2/1997-III-90) imprimé dans cette publication est incorrect |
| 260 | |aOttawa - Ontario : |bSecrétariat du Conseil du Trésor du Canada |c1997. |
| 300 | |aTexte français, 26p. : |borganigramme, tableaux ; |c28 cm. |
| 490 | 1 |aBudget des dépenses 1997-1998, partie III: Plan de dépenses |
| 500 | |aN.B.: Le numéro de catalogue (BT31-2/1997-III-90) imprimé dans cette publication est incorrect. |
| 546 | |aBilingue |
| 563 | |aCouverture souple |
| 590 | |a97-08|b1997-02-21 |
| 776 | 0#|tCanadian Centre for Management Development, 1997-98 estimates, part III, expenditure plan |w(CaOODSP)9.567581 |
| 776 | 0#|tCentre canadien de gestion, budget des dépenses 1997-1998, partie III, plan de dépenses |w(CaOODSP)9.598913 |
| 791 | |tCanadian Centre for Management Development |eeng|w(CaOODSP)9.528088 |
| 830 | #0|aBudget des dépenses 1997-1998, partie III: Plan de dépenses.|w(CaOODSP)9.508959 |